| 000 | 00000nam 2200000zi 4500 |
| 001 | 9.954369 |
| 003 | CaOODSP |
| 005 | 20250821105922 |
| 006 | m o d f |
| 007 | cr |n |||||||| |
| 008 | 250821e197912##onc ob f001 0 eng d |
| 040 | |aCaOODSP|beng|erda|cCaOODSP |
| 041 | |aeng|afre |
| 043 | |an-cn--- |
| 086 | 1 |aM40-70/1979-PDF |
| 245 | 00|aCatalogue of open files of the Geological Survey of Canada = |bCatalogue des dossiers publics de la Commission Géologique du Canada. |
| 246 | 11|aCatalogue des dossiers publics de la Commission Géologique du Canada |
| 246 | 14|aOpen file catalogue |
| 264 | 1|a[Ottawa] : |bGeological Survey of Canada = Commission géologique du Canada, |cDecember 1979. |
| 300 | |a1 online resource (34 pages) |
| 336 | |atext|btxt|2rdacontent |
| 337 | |acomputer|bc|2rdamedia |
| 338 | |aonline resource|bcr|2rdacarrier |
| 500 | |aDigitized edition from print [produced by Natural Resources Canada]. |
| 500 | |aIncludes indexes. |
| 546 | |aSome text parallel in English and French. |
| 650 | 0|aGeology|zCanada|vBibliographies. |
| 655 | 7|aBibliographies|2lcgft |
| 710 | 2 |aGeological Survey of Canada, |eissuing body. |
| 710 | 1 |aCanada. |bEnergy, Mines and Resources Canada, |eissuing body. |
| 788 | |tCatalogue of open files of the Geological Survey of Canada = |efre|w(CaOODSP)9.954374 |
| 856 | 40|qPDF|s6230 KB|uhttps://publications.gc.ca/collections/collection_2025/rncan-nrcan/M40-70-1979.pdf |